Russell Crowe Movies Quiz Stats

 Plays Quiz Updated Jan 1, 2021

Support Sporcle.
Go Orange.
Score 0/45 Timer 08:00
3 Plays Today
Year Movie % Correct
2000Gladiator
97.1%
2001A Beautiful Mind
80.6%
2012Les Misérables
62.6%
2013Man of Steel
57.2%
2005Cinderella Man
56.4%
2003Master and Commander: The Far Side of the World
56%
2007American Gangster
55.4%
1997L.A. Confidential
50.8%
2016The Nice Guys
44.3%
2014Noah
43.5%
2017The Mummy
42.2%
1999The Insider
33.9%
20073:10 to Yuma
32.3%
2008Body of Lies
31.4%
2010Robin Hood
29.7%
1991Proof
25.5%
2014The Water Diviner
24.5%
2000Proof of Life
23.9%
2009State of Play
23.4%
2020Unhinged
23.2%
2006A Good Year
23%
2013Broken City
22.7%
1992Romper Stomper
20.4%
Year Movie % Correct
1995Virtuosity
20%
1995The Quick and the Dead
19.4%
2014Winter's Tale
16.9%
2018Boy Erased
16.5%
2012The Man with the Iron Fists
16%
1999Mystery, Alaska
14.6%
2015Fathers & Daughters
13%
2010The Next Three Days
12.5%
2019True History of the Kelly Gang
8.9%
1994The Sum of Us
6.9%
2008Tenderness
6.1%
1997Breaking Up
5.8%
1990The Crossing
5.3%
1990Blood Oath
5.1%
1995No Way Back
5.1%
1995Rough Magic
4.9%
1993The Silver Brumby
4.9%
1997Heaven's Burning
4.8%
1992Spotswood
4.7%
1993Hammers Over the Anvil
4.6%
1993For the Moment
4.4%
1993Love in Limbo
4.1%

From the Vault

Two Word Book Titles A-Z

by Flick

'Two Word Books' would be a much different quiz.
Remove Ads.
Support Sporcle.
Get the best of Sporcle when you Go Orange. This ad-free experience offers more features, more stats, and more fun while also helping to support Sporcle. Thank you for becoming a member.

Show Comments

Extras

Top Quizzes Today


Score Distribution

Your Account Isn't Verified!

In order to create a playlist on Sporcle, you need to verify the email address you used during registration. Go to your Sporcle Settings to finish the process.

Report this User

Report this user for behavior that violates our Community Guidelines.

Details: